भारतीय अर्थव्यवस्था / (Record no. 15731)

MARC details
000 -LEADER
fixed length control field 05487nam a22005297a 4500
005 - DATE AND TIME OF LATEST TRANSACTION
control field 20080926102322.0
008 - FIXED-LENGTH DATA ELEMENTS--GENERAL INFORMATION
fixed length control field 080926t xxu||||| |||| 00| h hin d
010 ## - LCCN (DPL NO)
LC control number HIN-84191 B-321607-619
020 ## - INTERNATIONAL STANDARD BOOK NUMBER
International Standard Book Number 9788170564195
Terms of availability 600.00
035 ## - SYSTEM CONTROL NUMBER
System control number HN-56537
035 ## - SYSTEM CONTROL NUMBER
System control number B-321607-619
035 ## - SYSTEM CONTROL NUMBER
System control number B-358715
037 ## - SOURCE OF ACQUISITION
Source of stock number/acquisition पंचशील प्रकाशन
040 ## - CATALOGING SOURCE
Original cataloging agency DPL
Language of cataloging HN
082 ## - DEWEY DECIMAL CLASSIFICATION NUMBER
Classification number 330.954
100 ## - MAIN ENTRY--PERSONAL NAME
Personal name माथुर, रीता
245 ## - TITLE STATEMENT
Title भारतीय अर्थव्यवस्था /
Statement of responsibility, etc रीता माथुर
246 ## - VARYING FORM OF TITLE
Title proper/short title Bhartiya Airthvyavastha
Remainder of title by Reeta Mathur
260 ## - PUBLICATION, DISTRIBUTION, ETC. (IMPRINT)
Place of publication, distribution, etc जयपुर
Name of publisher, distributor, etc पंचशील प्रकाशन
Date of publication, distribution, etc 2008
260 ## - PUBLICATION, DISTRIBUTION, ETC. (IMPRINT)
Name of publisher, distributor, etc
270 ## - ADDRESS
Address फिल्म कॉलोनी,चौड़ा रास्ता,
City जयपुर
Postal code 302003
270 ## - ADDRESS
City
300 ## - PHYSICAL DESCRIPTION
Extent 328 पृ.
Dimensions 22 सेमी. (सजिल्द)
651 ## - SUBJECT ADDED ENTRY--GEOGRAPHIC NAME
Geographic name भारत
General subdivision आर्थिक स्थिति
Chronological subdivision 1947
651 ## - SUBJECT ADDED ENTRY--GEOGRAPHIC NAME
Geographic name India
General subdivision Economic conditions
Chronological subdivision 1947
651 ## - SUBJECT ADDED ENTRY--GEOGRAPHIC NAME
Source of heading or term भारत
General subdivision आर्थिक नीति
Chronological subdivision 1947
651 ## - SUBJECT ADDED ENTRY--GEOGRAPHIC NAME
Geographic name India
General subdivision Economic policy
Chronological subdivision 1947
366 ## - TRADE AVAILABILITY INFORMATION
Detailed date of publication भारत पुस्तक भंडार, ई 1/265, सोनिया विहार, ,दिल्ली
942 ## - ADDED ENTRY ELEMENTS (KOHA)
Source of classification or shelving scheme Dewey Decimal Classification
Item type Hindi Books
Classification part 330.954
Call number suffix माथुर
Holdings
Withdrawn status Lost status Source of classification or shelving scheme Damaged status Not for loan Collection code Home library Current library Date acquired Source of acquisition Cost, normal purchase price Total Checkouts Full call number Barcode Date last seen Copy number Cost, replacement price Koha item type Total Renewals
    Dewey Decimal Classification     Non-fiction Andrews Gunj Andrews Gunj 16/07/2009 पंचशील प्रकाशन/2047/20.3.09/680/13.3.09/20.3.09 600.00   330.954 माथुर B-321614 16/07/2009 1 600.00 Hindi Books  
    Dewey Decimal Classification     Non-fiction Central Library Central Library 16/07/2009 पंचशील प्रकाशन/2047/20.3.09/680/13.3.09/20.3.09 600.00 5 330.954 माथुर B-321607 20/10/2018 1 600.00 Hindi Books 1
    Dewey Decimal Classification     Non-fiction D.B.Act.Division D.B.Act.Division 26/09/2008 DBAD / PUB 600.00   330.954 माथुर HN-56537 26/09/2008 1 600.00 Hindi Books  
    Dewey Decimal Classification     Non-fiction Janak Puri Janak Puri 23/09/2009 816/15.9.09/120/4.9.09/18.9.09 600.00 26 330.954 माथुर B-358715 27/05/2022 1 600.00 Hindi Books 6
    Dewey Decimal Classification     Non-fiction Karol Bagh Karol Bagh 16/07/2009 पंचशील प्रकाशन/2047/20.3.09/680/13.3.09/20.3.09 600.00   330.954 माथुर B-321615 16/07/2009 1 600.00 Hindi Books  
    Dewey Decimal Classification     Non-fiction Mobile Library Mobile Library 16/07/2009 पंचशील प्रकाशन/2047/20.3.09/680/13.3.09/20.3.09 600.00   330.954 माथुर B-321608 16/07/2009 2 600.00 Hindi Books  
    Dewey Decimal Classification     Non-fiction Mobile Library Mobile Library 16/07/2009 पंचशील प्रकाशन/2047/20.3.09/680/13.3.09/20.3.09 600.00   330.954 माथुर B-321609 16/07/2009 2 600.00 Hindi Books  
    Dewey Decimal Classification     Non-fiction New Police Line New Police Line 16/07/2009 पंचशील प्रकाशन/2047/20.3.09/680/13.3.09/20.3.09 600.00   330.954 माथुर B-321610 16/07/2009 1 600.00 Hindi Books  
    Dewey Decimal Classification     Non-fiction Patel Nagar Patel Nagar 16/07/2009 पंचशील प्रकाशन/2047/20.3.09/680/13.3.09/20.3.09 600.00   330.954 माथुर B-321611 16/07/2009 1 600.00 Hindi Books  
    Dewey Decimal Classification     Non-fiction R.C.Libraries (BL-I) R.C.Libraries (BL-I) 16/07/2009 पंचशील प्रकाशन/2047/20.3.09/680/13.3.09/20.3.09 600.00   330.954 माथुर B-321618 16/07/2009 1 600.00 Hindi Books  
    Dewey Decimal Classification     Non-fiction R.C.Libraries (BL-III) R.C.Libraries (BL-III) 16/07/2009 पंचशील प्रकाशन/2047/20.3.09/680/13.3.09/20.3.09 600.00   330.954 माथुर B-321619 16/07/2009 1 600.00 Hindi Books  
    Dewey Decimal Classification     Non-fiction R.K.Puram-8 R.K.Puram-8 16/07/2009 पंचशील प्रकाशन/2047/20.3.09/680/13.3.09/20.3.09 600.00   330.954 माथुर B-321613 16/07/2009 1 600.00 Hindi Books  
    Dewey Decimal Classification     Non-fiction Sarojini Nagar Sarojini Nagar 16/07/2009 पंचशील प्रकाशन/2047/20.3.09/680/13.3.09/20.3.09 600.00   330.954 माथुर B-321612 16/07/2009 1 600.00 Hindi Books  
    Dewey Decimal Classification     Non-fiction Shahdara Branch Shahdara Branch 16/07/2009 पंचशील प्रकाशन/2047/20.3.09/680/13.3.09/20.3.09 600.00 2 330.954 माथुर B-321616 29/05/2024 1 600.00 Hindi Books 4
    Dewey Decimal Classification     Non-fiction Yojana Vihar Yojana Vihar 16/07/2009 पंचशील प्रकाशन/2047/20.3.09/680/13.3.09/20.3.09 600.00 3 330.954 माथुर B-321617 15/06/2022 1 600.00 Hindi Books 5

© Delhi Public Library
Hit Counter
free hit counter